| 000 | 01451nam a2200265 u 4500 | ||
|---|---|---|---|
| 001 | 000241593 | ||
| 003 | AM-YeHGA | ||
| 005 | 20250617124802.0 | ||
| 008 | 030630s1979 ai r 000 0 rus d | ||
| 040 | _aAM-YeHGA | ||
| 245 | 0 | 0 |
_aРеакции живых систем и состояние энергетического обмена / _c[Редкол.: М.Н. Кондрашова (отв. ред.) и др.] ; АН СССР, Научный центр биологических исследований, Институт биологической физики, Пущинская секция всесоюзного биохимического общества. |
| 260 |
_aПущино : _b[Б. и.], _c1979. |
||
| 300 |
_a198 с. : _bил., табл. ; _c21 см. |
||
| 500 | _aСписок лит. в конце ст. | ||
| 650 | 1 | 4 | _aФизиология |
| 650 | 1 | 4 | _aЭнергетический обмен |
| 650 | 1 | 4 | _aМетаболические процессы |
| 650 | 1 | 4 | _aБиохимические феномены |
| 700 | 1 |
_aКондрашова, М.Н. _eред. _4edt |
|
| 710 | 2 | _aАкадемия наук СССР | |
| 710 | 2 | _aНаучный центр биологических исследований | |
| 710 | 2 | _aИнститут биологической физики | |
| 710 | 2 | _aПущинская секция Всесоюзного биохимического общества | |
| 090 | _c86893 | ||
| 999 |
_c85614 _d85614 |
||